Diseño de la estructura de pavimento articulado del tramo Laurel Galán-Las Mojarras
La investigación presenta los resultados del diseño de estructura de pavimento articulado entre las comunidades Laurel Galán-Las Mojarras, basándose en diseño de espesores por el método de la AASHTO-93.
| Main Author: | |
|---|---|
| Other Authors: | |
| Format: | Tesis Section = Libro |
| Language: | Undetermined Spanish |
| Published: |
Managua
UNI
2013
|
| Subjects: |
| LEADER | 01011nam a2200265Ia 4500 | ||
|---|---|---|---|
| 008 | 240830s9999 xx 000 0 und d | ||
| 040 | |a BIBLIOTECA-RUPAP T.Mon 625.85 C957 | ||
| 041 | |a spa | ||
| 082 | |a T.Mon 625.85 C957 | ||
| 100 | 1 | |a Cruz Casco, Ronmel José | |
| 245 | 1 | 0 | |a Diseño de la estructura de pavimento articulado del tramo Laurel Galán-Las Mojarras |
| 260 | |a Managua |b UNI |c 2013 | ||
| 300 | |a 49 p. :il. | ||
| 500 | |a Contiene: anexos. | ||
| 502 | |a Tesis (Ingeniero Civil)- UNI, 2013. | ||
| 520 | 3 | |a La investigación presenta los resultados del diseño de estructura de pavimento articulado entre las comunidades Laurel Galán-Las Mojarras, basándose en diseño de espesores por el método de la AASHTO-93. | |
| 650 | 7 | |a PAVIMENTOS | |
| 650 | 7 | |b PAVIMENTOS FLEXIBLES | |
| 650 | 7 | |c PAVIMENTOS-DISEÑO Y CONSTRUCCION | |
| 650 | 7 | |e ANALISIS DE TRANSITO | |
| 650 | 7 | |f ANALISIS DE SUELOS | |
| 700 | 1 | |a Tutor: |b Morales Urbina, Israel | |
| 942 | |c BK |2 ddc | ||
| 991 | |a TESIS | ||
| 999 | |c 18308 | ||